E02_【大正・昭和戦前の女性】生まれ年別名前TOP10 - Statistics

General Stats
  • This quiz has been taken 9 times
  • The average score is 115 of 340
Answer Stats
西暦 和暦 順位 名前 % Correct
1927 昭和2 2 昭子
63%
1928 昭和3 5 昭子
63%
1942 昭和17 5 昭子
63%
1942 昭和17 8 勝子
63%
1943 昭和18 7 勝子
63%
1943 昭和18 10 昭子
63%
1944 昭和19 5 勝子
63%
1944 昭和19 10 昭子
63%
1945 昭和20 7 勝子
63%
1912 大正元 4 正子
50%
1912 大正元 9 静子
50%
1912 大正元 10 はる
50%
1913 大正2 1 正子
50%
1913 大正2 3 静子
50%
1914 大正3 1 静子
50%
1914 大正3 10 光子
50%
1915 大正4 4 静子
50%
1915 大正4 10 はる
50%
1916 大正5 9 静子
50%
1917 大正6 6 愛子
50%
1917 大正6 7 静子
50%
1918 大正7 2 静子
50%
1919 大正8 3 和子
50%
1919 大正8 5 静子
50%
1920 大正9 4 静子
50%
1920 大正9 7 愛子
50%
1921 大正10 6 静子
50%
1921 大正10 7 幸子
50%
1921 大正10 10 愛子
50%
1922 大正11 2 幸子
50%
1922 大正11 6 静子
50%
1922 大正11 7 愛子
50%
1922 大正11 9 光子
50%
1923 大正12 3 幸子
50%
1923 大正12 7 愛子
50%
1923 大正12 8 光子
50%
1923 大正12 9 静子
50%
1924 大正13 1 幸子
50%
1924 大正13 4 愛子
50%
1924 大正13 10 静子
50%
1925 大正14 1 幸子
50%
1925 大正14 6 愛子
50%
1925 大正14 8 和子
50%
1926 大正15・昭和元 2 幸子
50%
1926 大正15・昭和元 6 和子
50%
1926 大正15・昭和元 9 光子
50%
1927 昭和2 1 和子
50%
1927 昭和2 5 幸子
50%
1927 昭和2 7 光子
50%
1928 昭和3 1 和子
50%
1928 昭和3 3 幸子
50%
1929 昭和4 1 和子
50%
1929 昭和4 2 幸子
50%
1929 昭和4 8 光子
50%
1930 昭和5 1 和子
50%
1930 昭和5 2 幸子
50%
1930 昭和5 5 愛子
50%
1930 昭和5 8 光子
50%
1931 昭和6 1 和子
50%
1931 昭和6 2 幸子
50%
1931 昭和6 9 愛子
50%
1932 昭和7 1 和子
50%
1932 昭和7 2 幸子
50%
1932 昭和7 9 愛子
50%
1932 昭和7 10 光子
50%
1933 昭和8 1 和子
50%
1933 昭和8 2 幸子
50%
1934 昭和9 1 和子
50%
1934 昭和9 2 幸子
50%
1935 昭和10 1 和子
50%
1935 昭和10 2 幸子
50%
1936 昭和11 1 和子
50%
1936 昭和11 2 幸子
50%
1937 昭和12 1 和子
50%
1937 昭和12 2 幸子
50%
1938 昭和13 1 和子
50%
1938 昭和13 2 幸子
50%
1939 昭和14 1 和子
50%
1939 昭和14 2 幸子
50%
1940 昭和15 2 和子
50%
1940 昭和15 3 幸子
50%
1941 昭和16 1 和子
50%
1941 昭和16 2 幸子
50%
1942 昭和17 2 和子
50%
1942 昭和17 3 幸子
50%
1942 昭和17 9 光子
50%
1943 昭和18 1 和子
50%
1943 昭和18 3 幸子
50%
1943 昭和18 9 光子
50%
1944 昭和19 1 和子
50%
1944 昭和19 3 幸子
50%
1944 昭和19 8 光子
50%
1945 昭和20 1 和子
50%
1945 昭和20 2 幸子
50%
1912 大正元 1 千代
38%
1912 大正元 7 千代子
38%
1913 大正2 2 千代
38%
1913 大正2 10 きみ
38%
1914 大正3 3 千代子
38%
1914 大正3 5 きよ
38%
1915 大正4 1 千代
38%
1915 大正4 2 千代子
38%
1915 大正4 7 清子
38%
1915 大正4 8 きよ
38%
1915 大正4 9 きみ
38%
1916 大正5 2 千代子
38%
1916 大正5 3 千代
38%
1916 大正5 4 清子
38%
1917 大正6 1 千代子
38%
1918 大正7 3 千代子
38%
1918 大正7 6 清子
38%
1918 大正7 9 千代
38%
1919 大正8 2 千代子
38%
1919 大正8 9 清子
38%
1920 大正9 3 千代子
38%
1920 大正9 8 清子
38%
1921 大正10 2 千代子
38%
1921 大正10 3 清子
38%
1922 大正11 4 清子
38%
1922 大正11 5 千代子
38%
1923 大正12 2 千代子
38%
1923 大正12 4 清子
38%
1924 大正13 3 千代子
38%
1924 大正13 6 清子
38%
1925 大正14 9 千代子
38%
1926 大正15・昭和元 8 千代子
38%
1930 昭和5 9 孝子
38%
1931 昭和6 7 美智子
38%
1931 昭和6 10 洋子
38%
1932 昭和7 7 弘子
38%
1932 昭和7 8 美智子
38%
1933 昭和8 4 洋子
38%
1933 昭和8 5 弘子
38%
1933 昭和8 9 美智子
38%
1934 昭和9 5 弘子
38%
1934 昭和9 6 洋子
38%
1934 昭和9 9 美智子
38%
1935 昭和10 4 弘子
38%
1935 昭和10 6 洋子
38%
1935 昭和10 7 美智子
38%
1935 昭和10 8 栄子
38%
1935 昭和10 9 良子
38%
1936 昭和11 4 弘子
38%
1936 昭和11 5 京子
38%
1936 昭和11 7 洋子
38%
1936 昭和11 8 美智子
38%
1937 昭和12 4 弘子
38%
1937 昭和12 5 京子
38%
1937 昭和12 6 洋子
38%
1937 昭和12 8 美智子
38%
1938 昭和13 4 弘子
38%
1938 昭和13 5 洋子
38%
1938 昭和13 6 京子
38%
1938 昭和13 8 美智子
38%
1938 昭和13 10 栄子
38%
1939 昭和14 4 弘子
38%
1939 昭和14 5 洋子
38%
1939 昭和14 7 美智子
38%
1939 昭和14 8 京子
38%
1939 昭和14 10 孝子
38%
1940 昭和15 5 洋子
38%
1940 昭和15 6 弘子
38%
1940 昭和15 7 美智子
38%
1941 昭和16 3 洋子
38%
1941 昭和16 5 弘子
38%
1941 昭和16 6 美智子
38%
1941 昭和16 9 京子
38%
1941 昭和16 10 恵子
38%
1942 昭和17 1 洋子
38%
1942 昭和17 6 弘子
38%
1942 昭和17 7 美智子
38%
1943 昭和18 2 洋子
38%
1943 昭和18 5 弘子
38%
1943 昭和18 6 美智子
38%
1944 昭和19 2 洋子
38%
1944 昭和19 6 弘子
38%
1944 昭和19 7 美智子
38%
1945 昭和20 3 洋子
38%
1945 昭和20 5 弘子
38%
1945 昭和20 6 美智子
38%
1945 昭和20 10 京子
38%
1912 大正元 2 ハル
25%
1912 大正元 5 文子
25%
1913 大正2 5 文子
25%
1913 大正2 7 ハル
25%
1914 大正3 4 ハル
25%
1914 大正3 8 トミ
25%
1915 大正4 3 文子
25%
1915 大正4 6 ハル
25%
1916 大正5 1 文子
25%
1916 大正5 6 八重子
25%
1916 大正5 10 貞子
25%
1917 大正6 4 文子
25%
1917 大正6 5 八重子
25%
1917 大正6 8 ハル
25%
1917 大正6 9 美代子
25%
1917 大正6 10 貞子
25%
1918 大正7 1 久子
25%
1918 大正7 5 文子
25%
1918 大正7 8 貞子
25%
1918 大正7 10 ハル
25%
1919 大正8 1 久子
25%
1919 大正8 4 貞子
25%
1919 大正8 6 文子
25%
1920 大正9 1 文子
25%
1920 大正9 2 久子
25%
1920 大正9 5 貞子
25%
1920 大正9 10 君子
25%
1921 大正10 1 文子
25%
1921 大正10 4 久子
25%
1921 大正10 8 美代子
25%
1922 大正11 1 文子
25%
1922 大正11 3 美代子
25%
1922 大正11 8 久子
25%
1923 大正12 1 文子
25%
1923 大正12 5 久子
25%
1923 大正12 6 美代子
25%
1923 大正12 10 貞子
25%
1924 大正13 2 文子
25%
1924 大正13 5 美代子
25%
1924 大正13 7 信子
25%
1924 大正13 9 久子
25%
1925 大正14 2 文子
25%
1925 大正14 3 美代子
25%
1925 大正14 4 久子
25%
1925 大正14 7 信子
25%
1925 大正14 10 八重子
25%
1926 大正15・昭和元 1 久子
25%
1926 大正15・昭和元 3 美代子
25%
1926 大正15・昭和元 4 照子
25%
1926 大正15・昭和元 5 文子
25%
1926 大正15・昭和元 7 信子
25%
1926 大正15・昭和元 10 貞子
25%
1927 昭和2 3 久子
25%
1927 昭和2 4 照子
25%
1927 昭和2 6 美代子
25%
1927 昭和2 8 文子
25%
1927 昭和2 9 信子
25%
1927 昭和2 10 節子
25%
1928 昭和3 2 節子
25%
1928 昭和3 4 久子
25%
1928 昭和3 6 美代子
25%
1928 昭和3 7 照子
25%
1928 昭和3 9 文子
25%
1928 昭和3 10 信子
25%
1929 昭和4 3 美代子
25%
1929 昭和4 4 久子
25%
1929 昭和4 5 節子
25%
1929 昭和4 6 文子
25%
1929 昭和4 7 照子
25%
1929 昭和4 9 貞子
25%
1929 昭和4 10 八重子
25%
1930 昭和5 3 節子
25%
1930 昭和5 4 美代子
25%
1930 昭和5 6 久子
25%
1930 昭和5 7 文子
25%
1931 昭和6 3 節子
25%
1931 昭和6 4 美代子
25%
1931 昭和6 5 久子
25%
1931 昭和6 6 文子
25%
1932 昭和7 3 節子
25%
1932 昭和7 4 文子
25%
1932 昭和7 5 美代子
25%
1932 昭和7 6 久子
25%
1933 昭和8 3 節子
25%
1933 昭和8 6 久子
25%
1933 昭和8 7 文子
25%
1933 昭和8 8 美代子
25%
1933 昭和8 10 信子
25%
1934 昭和9 3 節子
25%
1934 昭和9 4 久子
25%
1934 昭和9 7 美代子
25%
1934 昭和9 8 文子
25%
1934 昭和9 10 信子
25%
1935 昭和10 3 節子
25%
1935 昭和10 5 久子
25%
1935 昭和10 10 美代子
25%
1936 昭和11 3 節子
25%
1936 昭和11 6 久子
25%
1936 昭和11 10 文子
25%
1937 昭和12 3 節子
25%
1937 昭和12 7 久子
25%
1937 昭和12 9 文子
25%
1938 昭和13 3 節子
25%
1938 昭和13 9 久子
25%
1939 昭和14 3 節子
25%
1939 昭和14 9 美代子
25%
1940 昭和15 4 節子
25%
1940 昭和15 8 久子
25%
1940 昭和15 9 文子
25%
1941 昭和16 4 節子
25%
1941 昭和16 8 美代子
25%
1942 昭和17 4 節子
25%
1943 昭和18 4 節子
25%
1944 昭和19 4 節子
25%
1945 昭和20 4 節子
25%
1945 昭和20 8 信子
25%
1945 昭和20 9 美代子
25%
1912 大正元 3 ハナ
13%
1912 大正元 6 ヨシ
13%
1912 大正元 8 キヨ
13%
1913 大正2 4 キヨ
13%
1913 大正2 6 ヨシ
13%
1913 大正2 8 フミ
13%
1913 大正2 9 マサ
13%
1914 大正3 2 キヨ
13%
1914 大正3 6 ヨシ
13%
1914 大正3 7 キミ
13%
1914 大正3 9 フミ
13%
1915 大正4 5 キヨ
13%
1916 大正5 5 キミ
13%
1916 大正5 7 フミ
13%
1916 大正5 8 キヨ
13%
1917 大正6 2 キヨ
13%
1917 大正6 3 キミ
13%
1918 大正7 4 キミ
13%
1918 大正7 7 キヨ
13%
1919 大正8 7 ヨシ
13%
1919 大正8 8 キヨ
13%
1919 大正8 10 キミ
13%
1920 大正9 6 芳子
13%
1920 大正9 9 キヨ
13%
1921 大正10 5 芳子
13%
1921 大正10 9 敏子
13%
1922 大正11 10 敏子
13%
1924 大正13 8 敏子
13%
1925 大正14 5 芳子
13%
1928 昭和3 8 典子
13%
1930 昭和5 10 敏子
13%
1931 昭和6 8 敏子
13%
1936 昭和11 9 悦子
13%
1937 昭和12 10 悦子
13%
1938 昭和13 7 悦子
13%
1939 昭和14 6 悦子
13%
1940 昭和15 1 紀子
13%
1940 昭和15 10 悦子
13%
1941 昭和16 7 悦子
13%
1942 昭和17 10 悦子
13%
1943 昭和18 8 悦子
13%
1944 昭和19 9 悦子
13%
No matching quizzes found
Score Distribution
Percent of People with Each Score
Percentile by Number Answered
Your Score History
You have not taken this quiz